[Event "CZE Extraliga 2019-20"]
[Site "Czech Republic"]
[Date "2019.12.02"]
[Round "3.1"]
[White "Navara, David"]
[Black "Huschenbeth, Niclas"]
[Result "1-0"]
[WhiteElo "2703"]
[BlackElo "2628"]
[Annotator "TA"]
[PlyCount "73"]
[EventDate "2019.09.15"]
[EventType "team-tourn"]
[EventCountry "CZE"]
[SourceTitle "playchess.com"]
[Source "ChessBase"]
[SourceQuality "1"]
[WhiteTeam "Novoborsky"]
[BlackTeam "Duras"]
[WhiteTeamCountry "CZE"]
[BlackTeamCountry "GER"]

{[%evp 10,73,32,34,10,22,37,3,3,8,18,0,0,0,0,0,0,0,0,0,0,0,0,0,-4,-22,-8,-24,-15,-39,-39,-25,-12,-14,-11,-55,-39,-111,-67,-94,241,253,428,415,425,414,637,136,380,368,379,365,409,323,985,970,946,938,1063,1057,918,782,29996,29997,29997,29998]} 1. c4 Nf6 2. Nc3 e5 3. g3 c6 4. Nf3 e4 5. Nd4 Qb6 6. Nb3 a5 {[%cal Ba7a5,Ba5a4][%mdl 32] A23: English Opening: 1...e5 2 Nc3 Nf6 3 g3 c6} 7. d3 (7. Na4 Qd8 8. Bg2 d5 9. cxd5 cxd5 10. d3 Bb4+ 11. Nc3 a4 12. Nd4 Nc6 13. Nc2 Bxc3+ 14. bxc3 {½-½ (90) Piorun,K (2676)-Kravtsiv,M (2634) Lublin 2016}) 7... a4 8. Nd2 (8. Be3 $5 {[%cal Re3b6]} Qb4 9. Nd4 $11) 8... exd3 {The position is equal.} 9. Bg2 d5 10. cxd5 cxd5 11. exd3 Bg4 $146 ({Predecessor:} 11... Be7 12. O-O O-O 13. Nxa4 Qd4 14. Nc3 Bf5 15. Nb3 Qxd3 {1-0 (37) Yakovich,Y (2523)-Leontiev,A (2281) St Petersburg 2014}) 12. Nf3 d4 13. Ne2 Bb4+ 14. Bd2 Nc6 15. O-O O-O 16. h3 Bf5 $36 {[%mdl 2048] Black has some pressure.} 17. Bg5 Be7 18. g4 Bd7 19. Nd2 Qb5 ({Worse is} 19... Qxb2 20. Rb1 $16) 20. Bh4 g5 ({Weaker is} 20... Qxb2 21. Rb1 $16) 21. Bg3 Qxd3 22. f4 gxf4 23. Rxf4 ({White should try} 23. Be1 $15) 23... Rfe8 24. Kh2 Kg7 $2 {[%mdl 8192] [#]} (24... Qg6 $17 {Hoping for ...Qh6.} 25. Nc4 d3) 25. Rxf6 $1 $18 {[%mdl 512]} Bxf6 $2 (25... Bb4) 26. Nf4 Qb5 27. Nh5+ Kg6 (27... Kh8 $142) 28. Qf3 $2 (28. Bf1 $18 {is the precise move to win.} Qxb2 29. Rb1 Qxa2 30. Bd3+ Kh6 31. Bc4) 28... Be5 $2 (28... Bg5 $16) 29. Kh1 {Bf1 is the strong threat.} f5 30. gxf5+ Kf7 31. Bf1 Qxb2 $2 (31... d3) 32. Qd5+ Kf8 {[#]} 33. Bxe5 $1 {[%mdl 512]} Rxe5 (33... Nxe5 34. Qd6+) 34. Qd6+ Re7 35. Re1 {Qf6+ would kill now.} Qxd2 36. Qf6+ Kg8 37. Rxe7 {Accuracy: White = 50%, Black = 47%.} 1-0

[Event "CZE Extraliga 2019-20"]
[Site "Czech Republic"]
[Date "2019.11.30"]
[Round "3.1"]
[White "Korobov, Anton"]
[Black "Kociscak, Jiri"]
[Result "1/2-1/2"]
[WhiteElo "2679"]
[BlackElo "2499"]
[Annotator "ChessBase"]
[PlyCount "79"]
[EventDate "2019.09.15"]
[EventType "team-tourn"]
[EventCountry "CZE"]
[SourceTitle "playchess.com"]
[Source "ChessBase"]
[SourceQuality "1"]
[WhiteTeam "Frydek-Mistek"]
[BlackTeam "Ostrava"]
[TimeControl "40/5400+30:1800+30"]

1. d4 {[%emt 0:00:00]} d5 {[%emt 0:01:06]} 2. c4 {[%emt 0:00:00]} e6 {[%emt 0:00:04]} 3. Nc3 {[%emt 0:00:00]} c5 {[%emt 0:00:06]} 4. e3 {[%emt 0:01:01]} Nf6 {[%emt 0:01:50]} 5. Nf3 {[%emt 0:00:07]} Nc6 {[%emt 0:00:05]} 6. a3 {[%emt 0:00:08]} a6 {[%emt 0:01:06]} 7. b3 {[%emt 0:00:09]} Bd6 {[%emt 0:12:06]} 8. Bb2 {[%emt 0:02:37]} O-O {[%emt 0:04:29]} 9. dxc5 {[%emt 0:09:01]} Bxc5 {[%emt 0:00:14]} 10. Bd3 {[%emt 0:00:07]} Ba7 {[%emt 0:15:29]} 11. O-O {[%emt 0:03:24]} Qe7 {[%emt 0:04:16]} 12. cxd5 {[%emt 0:12:19]} exd5 {[%emt 0:00:06]} 13. h3 {[%emt 0:00:04]} Bd7 {[%emt 0:06:04]} 14. Ne2 {[%emt 0:03:36]} Rad8 {[%emt 0:00:57]} 15. b4 {[%emt 0:02:12]} Rfe8 {[%emt 0:07:57]} 16. Rc1 {[%emt 0:02:54]} h6 {[%emt 0:06:47]} 17. Ned4 {[%emt 0:03:19]} Bb8 {[%emt 0:00:14]} 18. Nxc6 {[%emt 0:08:50]} Bxc6 {[%emt 0:00:08]} 19. Qb3 {[%emt 0:01:31]} Ne4 {[%emt 0:07:49]} 20. Rfd1 {[%emt 0:02:00]} Qc7 {[%emt 0:08:54]} 21. h4 {[%emt 0:24:03]} Qd7 {[%emt 0:14:03]} 22. Bxe4 {[%emt 0:01:41]} Rxe4 {[%emt 0:00:05]} 23. Rd4 {[%emt 0:00:17]} Qe7 {[%emt 0:01:20]} 24. a4 {[%emt 0:02:27]} Qe8 {[%emt 0:00:31]} 25. b5 {[%emt 0:06:34]} axb5 {[%emt 0:00:23]} 26. axb5 {[%emt 0:00:02]} Bxb5 {[%emt 0:02:36]} 27. Rxd5 {[%emt 0:00:01]} Rxd5 {[%emt 0:01:06]} 28. Qxd5 {[%emt 0:00:02]} Bc6 {[%emt 0:00:06]} 29. Qf5 {[%emt 0:00:59]} Bd7 {[%emt 0:02:19]} 30. Qa5 {[%emt 0:02:14]} Kh7 {[%emt 0:01:43]} 31. Rd1 {[%emt 0:01:33]} f6 {[%emt 0:00:49]} 32. h5 {[%emt 0:02:17]} Be5 {[%emt 0:00:28]} 33. Bxe5 {[%emt 0:04:06]} fxe5 {[%emt 0:00:04]} 34. Qc7 {[%emt 0:00:51]} Bg4 {[%emt 0:01:00]} 35. Rd8 {[%emt 0:02:26]} Qxh5 {[%emt 0:00:17]} 36. Nd2 {[%emt 0:00:17]} Rb4 {[%emt 0:00:45]} 37. Qb8 {[%emt 0:01:56]} Be6 {[%emt 0:00:07]} 38. Rh8+ {[%emt 0:02:41]} Kg6 {[%emt 0:00:04]} 39. Rf8 {[%emt 0:00:56]} Rb1+ {[%emt 0:00:58]} 40. Nxb1 {[%emt 0:00:05]} 1/2-1/2

[Event "CZE Extraliga 2019-20"]
[Site "Czech Republic"]
[Date "2019.11.30"]
[Round "3.1"]
[White "Nabaty, Tamir"]
[Black "Saric, Ivan"]
[Result "0-1"]
[WhiteElo "2658"]
[BlackElo "2667"]
[Annotator "ChessBase"]
[PlyCount "122"]
[EventDate "2019.09.15"]
[EventType "team-tourn"]
[EventCountry "CZE"]
[SourceTitle "playchess.com"]
[Source "ChessBase"]
[SourceQuality "1"]
[WhiteTeam "Lysa nad Labem"]
[BlackTeam "Brno"]
[TimeControl "40/5400+30:1800+30"]

1. d4 {[%emt 0:00:00]} Nf6 {[%emt 0:00:00]} 2. Nf3 {[%emt 0:00:00]} g6 {[%emt 0:02:01]} 3. Nbd2 {[%emt 0:00:02]} Bg7 {[%emt 0:04:47]} 4. e4 {[%emt 0:00:17]} d6 {[%emt 0:00:07]} 5. c3 {[%emt 0:01:18]} O-O {[%emt 0:00:07]} 6. a4 {[%emt 0:00:21]} e5 {[%emt 0:06:45]} 7. dxe5 {[%emt 0:01:35]} dxe5 {[%emt 0:00:17]} 8. Qc2 {[%emt 0:07:24]} Qe7 {[%emt 0:05:53]} 9. b3 {[%emt 0:04:54]} Rd8 {[%emt 0:05:01]} 10. Ba3 {[%emt 0:01:19]} c5 {[%emt 0:00:40]} 11. Bc4 {[%emt 0:02:29]} Nc6 {[%emt 0:07:34]} 12. O-O {[%emt 0:02:21]} Bd7 {[%emt 0:09:21]} 13. Rfd1 {[%emt 0:09:17]} Bh6 {[%emt 0:02:20]} 14. Be2 {[%emt 0:04:06]} Nh5 {[%emt 0:08:32]} 15. g3 {[%emt 0:01:58]} Nf6 {[%emt 0:07:50]} 16. Nc4 {[%emt 0:04:38]} Bg4 {[%emt 0:04:08]} 17. Kg2 {[%emt 0:07:59]} b6 {[%emt 0:00:49]} 18. h3 {[%emt 0:01:04]} Be6 {[%emt 0:01:57]} 19. Nh2 {[%emt 0:04:03]} Rxd1 {[%emt 0:01:27]} 20. Rxd1 {[%emt 0:00:16]} Rd8 {[%emt 0:00:22]} 21. Ng4 {[%emt 0:02:26]} Nxg4 {[%emt 0:01:06]} 22. hxg4 {[%emt 0:01:32]} Rd7 {[%emt 0:02:35]} 23. Rh1 {[%emt 0:08:11]} Bg5 {[%emt 0:05:51]} 24. Bc1 {[%emt 0:02:28]} Bxc1 {[%emt 0:01:21]} 25. Qxc1 {[%emt 0:00:06]} f6 {[%emt 0:02:14]} 26. Ne3 {[%emt 0:11:54]} Na5 {[%emt 0:00:53]} 27. Bc4 {[%emt 0:01:26]} Nxb3 {[%emt 0:05:48]} 28. Bxb3 {[%emt 0:00:41]} Bxb3 {[%emt 0:00:05]} 29. c4 {[%emt 0:00:11]} Bxa4 {[%emt 0:00:42]} 30. Nd5 {[%emt 0:02:54]} Qd8 {[%emt 0:00:17]} 31. g5 {[%emt 0:04:28]} fxg5 {[%emt 0:00:07]} 32. f4 {[%emt 0:03:59]} gxf4 {[%emt 0:01:28]} 33. gxf4 {[%emt 0:00:02]} exf4 {[%emt 0:01:01]} 34. Qa1 {[%emt 0:05:08]} Qg5+ {[%emt 0:00:31]} 35. Kf1 {[%emt 0:00:02]} f3 {[%emt 0:03:12]} 36. Rh2 {[%emt 0:01:20]} Rf7 {[%emt 0:01:25]} 37. e5 {[%emt 0:02:44]} Bd7 {[%emt 0:02:07]} 38. Nf6+ {[%emt 0:00:33]} Rxf6 {[%emt 0:00:48]} 39. exf6 {[%emt 0:00:02]} Qf4 {[%emt 0:02:55]} 40. f7+ {[%emt 0:03:41]} Qxf7 {[%emt 0:00:24]} 41. Qc1 {[%emt 0:05:08]} Be6 {[%emt 0:06:20]} 42. Rh4 {[%emt 0:00:52]} Qe7 {[%emt 0:05:38]} 43. Qe1 {[%emt 0:01:04]} Qd6 {[%emt 0:02:54]} 44. Kf2 {[%emt 0:03:59]} g5 {[%emt 0:05:56]} 45. Re4 {[%emt 0:01:45]} Qh2+ {[%emt 0:02:47]} 46. Kxf3 {[%emt 0:00:03]} Kf7 {[%emt 0:04:53]} 47. Ke3 {[%emt 0:09:53]} Bf5 {[%emt 0:01:17]} 48. Qf1 {[%emt 0:00:02]} Qg3+ {[%emt 0:03:45]} 49. Kd2 {[%emt 0:01:47]} Qd6+ {[%emt 0:00:22]} 50. Ke1 {[%emt 0:03:06]} Qf6 {[%emt 0:00:29]} 51. Re3 {[%emt 0:00:01]} Qa1+ {[%emt 0:00:19]} 52. Kf2 {[%emt 0:00:02]} Qxf1+ {[%emt 0:00:27]} 53. Kxf1 {[%emt 0:00:02]} Be6 {[%emt 0:00:23]} 54. Rc3 {[%emt 0:01:04]} Ke7 {[%emt 0:03:10]} 55. Ke2 {[%emt 0:00:29]} Kd6 {[%emt 0:00:19]} 56. Kd3 {[%emt 0:00:24]} h5 {[%emt 0:00:17]} 57. Ra3 {[%emt 0:02:24]} a5 {[%emt 0:00:04]} 58. Rb3 {[%emt 0:00:42]} Kc6 {[%emt 0:00:06]} 59. Rb2 {[%emt 0:00:04]} h4 {[%emt 0:00:22]} 60. Rf2 {[%emt 0:00:22]} g4 {[%emt 0:01:03]} 61. Rf6 {[%emt 0:00:26]} Kd6 {[%emt 0:00:08] Kd4 Ke5+} 0-1

[Event "CZE Extraliga 2019-20"]
[Site "Czech Republic"]
[Date "2019.11.30"]
[Round "3.1"]
[White "Michalik, Peter"]
[Black "Rodshtein, Maxim"]
[Result "1-0"]
[WhiteElo "2575"]
[BlackElo "2684"]
[Annotator "TA"]
[PlyCount "65"]
[EventDate "2019.09.15"]
[EventType "team-tourn"]
[EventCountry "CZE"]
[SourceTitle "playchess.com"]
[Source "ChessBase"]
[SourceQuality "1"]
[WhiteTeam "Siesta Solution Unichess"]
[BlackTeam "Turnov"]

{[%evp 12,65,7,10,17,13,0,1,10,0,0,0,3,0,32,22,24,22,64,62,56,57,78,95,140,151,147,144,148,146,156,136,146,137,137,127,161,168,202,164,204,206,208,208,210,196,188,187,262,267,269,274,261,274,266,253]} 1. e4 c5 2. Nf3 d6 3. d4 cxd4 4. Nxd4 Nf6 5. Nc3 a6 6. h3 e5 7. Nde2 h5 {B90: Sicilian Najdorf: Unusual White 6th moves, 6 Be3 Ng4 and 6 Be3 e5} 8. g3 Be6 $146 (8... Nbd7 9. Bg2 b5 10. O-O Bb7 11. a4 b4 12. Nd5 Nxd5 13. exd5 Be7 14. a5 Rb8 15. Bd2 {1-0 (36) Wei,Y (2721)-Vachier Lagrave,M (2774) chess.com INT 2019}) ({Predecessor:} 8... b5 9. Bg2 Bb7 10. Bg5 Nbd7 11. Nd5 Bxd5 12. exd5 Rc8 13. O-O {0-1 (31) Madl,I (2366)-Reizniece Ozola,D (2203) Germany 2016}) 9. Bg2 b5 {The position is equal.} 10. O-O Nbd7 11. Bg5 Be7 12. Nd5 $36 {[%mdl 2048] Black is under pressure.} Bxd5 13. exd5 Rc8 14. a4 O-O 15. axb5 axb5 16. Nc3 Rb8 17. Qe2 Nxd5 18. Nxd5 Bxg5 19. Qxh5 {Strongly threatening h4.} Bh6 20. Ra7 {Black must now prevent Rxd7!} Nf6 21. Qf5 Nxd5 22. Bxd5 Qf6 23. Qe4 Rbe8 24. Rfa1 Re7 25. R1a3 Rxa7 26. Rxa7 Bc1 {[#]} 27. c3 $1 g6 28. Qc2 Bh6 29. Qd3 Kg7 (29... Qf5 {might work better.} 30. Qxf5 (30. Qxb5 e4 $16) 30... gxf5) 30. Kg2 $18 {White has a decisive advantage.} Qf5 31. Be4 ({Weaker is} 31. Qxb5 e4 $14) 31... Qg5 32. Qxd6 Rd8 33. Qc5 {Accuracy: White = 83%, Black = 60%.} 1-0

[Event "CZE Extraliga 2019-20"]
[Site "Czech Republic"]
[Date "2019.11.30"]
[Round "3.1"]
[White "Markos, Jan"]
[Black "Kempinski, Robert"]
[Result "1/2-1/2"]
[WhiteElo "2572"]
[BlackElo "2579"]
[Annotator "ChessBase"]
[PlyCount "30"]
[EventDate "2019.09.15"]
[EventType "team-tourn"]
[EventCountry "CZE"]
[SourceTitle "playchess.com"]
[Source "ChessBase"]
[SourceQuality "1"]
[WhiteTeam "Kromeriz"]
[BlackTeam "Poruba"]
[TimeControl "40/5400+30:1800+30"]

1. d4 {[%emt 0:00:00]} Nf6 {[%emt 0:00:06]} 2. c4 {[%emt 0:00:00]} c6 {[%emt 0:00:51]} 3. Nc3 {[%emt 0:00:38]} d5 {[%emt 0:00:11]} 4. e3 {[%emt 0:00:17]} g6 {[%emt 0:01:22]} 5. Nf3 {[%emt 0:01:32]} Bg7 {[%emt 0:00:08]} 6. Bd3 {[%emt 0:03:48]} O-O {[%emt 0:01:51]} 7. h3 {[%emt 0:00:12]} a6 {[%emt 0:02:33]} 8. a4 {[%emt 0:06:56]} c5 {[%emt 0:08:01]} 9. dxc5 {[%emt 0:10:31]} dxc4 {[%emt 0:11:43]} 10. Bxc4 {[%emt 0:00:36]} Qxd1+ {[%emt 0:00:40]} 11. Kxd1 {[%emt 0:00:13]} Nbd7 {[%emt 0:00:31]} 12. Ke2 {[%emt 0:07:30]} Nxc5 {[%emt 0:01:05]} 13. Rd1 {[%emt 0:05:32]} Bd7 {[%emt 0:15:00]} 14. Ne5 {[%emt 0:10:43]} Bf5 {[%emt 0:06:59]} 15. Nd3 {[%emt 0:00:56]} Bxd3+ {[%emt 0:11:19]} 1/2-1/2

[Event "CZE Extraliga 2019-20"]
[Site "Czech Republic"]
[Date "2019.11.30"]
[Round "3.1"]
[White "Stohl, Igor"]
[Black "Movsesian, Sergei"]
[Result "0-1"]
[WhiteElo "2487"]
[BlackElo "2654"]
[Annotator "TA"]
[PlyCount "78"]
[EventDate "2019.09.15"]
[EventType "team-tourn"]
[EventCountry "CZE"]
[SourceTitle "playchess.com"]
[Source "ChessBase"]
[SourceQuality "1"]
[WhiteTeam "Praha"]
[BlackTeam "Pardubice"]

{[%evp 15,100,27,21,7,19,17,16,15,13,8,3,8,16,19,33,22,28,0,0,0,0,0,0,0,0,0,0,0,0,0,0,-8,-3,-22,0,0,2,0,54,-18,-17,-187,-180,-180,-173,-193,-195,-179,-184,-177,-124,-124,-124,-126,-123,-122,-109,-120,-140,-129,-123,-133,-120,-141,-23,-16,-29,-18,-19,-306,-305,-298,-304,-373,-307,-298,-180,-583,-496,-902,-1339,-1370,-1373,-1495,-1480,-1445,-1479]} 1. d4 Nf6 2. c4 c6 3. Nf3 d5 4. Nc3 dxc4 5. a4 Bf5 6. Ne5 Nbd7 7. Nxc4 Nb6 8. Ne5 a5 9. g3 {D17: Slav Defence: 5 a4 Bf5: Lines with 6 Nh4 and 6 Ne5} (9. h4 {with more complications.} e6 10. f3 Be7 11. Kf2 h6 12. e4) (9. e3 Nbd7 10. Nc4 Qb8 11. f4 e6 12. Be2 h6 13. O-O Bb4 14. Bf3 O-O 15. e4 Bh7 16. e5 Nd5 17. Nxd5 cxd5 {1-0 (34) Cheparinov,I (2670)-Banusz,T (2619) Linares 2019}) 9... e6 10. Bg2 Bb4 11. O-O {The position is equal.} O-O 12. e3 h6 $146 ({Predecessor:} 12... Qe7 13. Qe2 h6 14. e4 Bh7 {½-½ (112) Perez,R (2334)-Sturt,R (2248) Saint Louis 2012}) 13. Qe2 Bh7 14. Rd1 Qe7 15. e4 Rfd8 16. f3 c5 17. Be3 cxd4 18. Rxd4 (18. Bxd4 $2 Rxd4 $1 {[%mdl 512]} 19. Rxd4 Qc5 $19) 18... Bc5 19. Rdd1 Rac8 20. Nd3 Bxe3+ 21. Qxe3 Nc4 22. Qf2 Nd7 23. Bf1 Nde5 24. Kg2 Qg5 $36 {[%mdl 2048] Threatens to win with ...Ne3+. Black has the initiative.} 25. f4 Nxd3 26. Rxd3 ({Much weaker is} 26. fxg5 Nxf2 27. Rxd8+ Rxd8 $15) 26... Qf6 (26... Qe7 $11) 27. Rxd8+ (27. e5 $14 Qe7 28. Rxd8+ Qxd8 29. Rd1) 27... Qxd8 $11 28. Kg1 $2 {[#]} (28. h4 $11 {and White stays safe.}) 28... Nxb2 $1 $19 {[%mdl 512]} 29. Nb5 (29. Qxb2 Qd4+) 29... Nd1 $1 {[%cal Rd1f2]} 30. Qd4 Qxd4+ 31. Nxd4 Ne3 $1 32. e5 Rd8 (32... Nxf1 $19 33. Kxf1 g5) 33. Nb5 $17 Rd2 34. Nd6 b6 35. Bb5 g5 36. Rc1 Bc2 37. Be8 gxf4 {( -> ...f3)} 38. gxf4 Kf8 {aiming for ...Rxd6!} 39. Bxf7 {[#]} Ke7 {Played: Rd2xd6} 0-1

[Event "CZE Extraliga 2019-20"]
[Site "Czech Republic"]
[Date "2019.11.30"]
[Round "3.2"]
[White "Balogh, Csaba"]
[Black "Plat, Vojtech"]
[Result "1/2-1/2"]
[WhiteElo "2587"]
[BlackElo "2576"]
[Annotator "ChessBase"]
[PlyCount "135"]
[EventDate "2019.09.15"]
[EventType "team-tourn"]
[EventCountry "CZE"]
[SourceTitle "playchess.com"]
[Source "ChessBase"]
[SourceQuality "1"]
[WhiteTeam "Brno"]
[BlackTeam "Lysa nad Labem"]
[TimeControl "40/5400+30:1800+30"]

1. e4 {[%emt 0:00:00]} c5 {[%emt 0:00:05]} 2. Nf3 {[%emt 0:00:00]} Nc6 {[%emt 0:00:03]} 3. d4 {[%emt 0:04:09]} cxd4 {[%emt 0:00:07]} 4. Nxd4 {[%emt 0:00:03]} e5 {[%emt 0:00:04]} 5. Nb5 {[%emt 0:00:14]} a6 {[%emt 0:00:04]} 6. Nd6+ {[%emt 0:00:33]} Bxd6 {[%emt 0:00:04]} 7. Qxd6 {[%emt 0:00:07]} Qf6 {[%emt 0:00:02]} 8. Qxf6 {[%emt 0:33:42]} Nxf6 {[%emt 0:00:05]} 9. Nc3 {[%emt 0:00:08]} Nb4 {[%emt 0:00:18]} 10. Kd2 {[%emt 0:04:39]} d6 {[%emt 0:00:08]} 11. b3 {[%emt 0:09:34]} Be6 {[%emt 0:02:56]} 12. Ba3 {[%emt 0:02:02]} Nc6 {[%emt 0:00:12]} 13. f3 {[%emt 0:05:15]} O-O-O {[%emt 0:01:26]} 14. Rd1 {[%emt 0:01:00]} d5 {[%emt 0:08:09]} 15. exd5 {[%emt 0:00:50]} Nxd5 {[%emt 0:00:05]} 16. Nxd5 {[%emt 0:00:42]} Rxd5+ {[%emt 0:05:44]} 17. Kc1 {[%emt 0:00:07]} Rxd1+ {[%emt 0:01:06]} 18. Kxd1 {[%emt 0:00:05]} Bf5 {[%emt 0:03:06]} 19. Kc1 {[%emt 0:02:10]} Rd8 {[%emt 0:06:48]} 20. Bc4 {[%emt 0:07:58]} Nd4 {[%emt 0:01:58]} 21. c3 {[%emt 0:06:45]} b5 {[%emt 0:03:06]} 22. cxd4 {[%emt 0:14:47]} bxc4 {[%emt 0:00:05]} 23. dxe5 {[%emt 0:01:18]} Rd3 {[%emt 0:01:10]} 24. Re1 {[%emt 0:04:01]} Rc3+ {[%emt 0:02:04]} 25. Kd1 {[%emt 0:00:07]} cxb3 {[%emt 0:00:31]} 26. axb3 {[%emt 0:00:03]} Rxb3 {[%emt 0:00:07]} 27. Bc1 {[%emt 0:00:35]} a5 {[%emt 0:01:02]} 28. Re3 {[%emt 0:00:03]} Rb5 {[%emt 0:00:06]} 29. Ba3 {[%emt 0:01:37]} Kd7 {[%emt 0:01:15]} 30. f4 {[%emt 0:00:58]} a4 {[%emt 0:01:20]} 31. Kd2 {[%emt 0:00:06]} Rd5+ {[%emt 0:00:43]} 32. Kc3 {[%emt 0:00:52]} Ke6 {[%emt 0:00:28]} 33. g3 {[%emt 0:00:31]} Rd1 {[%emt 0:03:20]} 34. Bf8 {[%emt 0:00:12]} Rb1 {[%emt 0:01:09]} 35. Kd4 {[%emt 0:00:22]} Rb8 {[%emt 0:01:44]} 36. Bd6 {[%emt 0:00:32]} Rb2 {[%emt 0:01:29]} 37. Ra3 {[%emt 0:01:06]} Re2 {[%emt 0:00:25]} 38. h4 {[%emt 0:00:46]} Bc2 {[%emt 0:01:59]} 39. Re3 {[%emt 0:00:18]} Rg2 {[%emt 0:01:17]} 40. Rc3 {[%emt 0:00:55]} Kf5 {[%emt 0:04:17]} 41. h5 {[%emt 0:07:32]} Kg4 {[%emt 0:04:36]} 42. Bf8 {[%emt 0:00:20]} Kxh5 {[%emt 0:01:05]} 43. Bxg7 {[%emt 0:00:41]} Kg4 {[%emt 0:00:31]} 44. Bf6 {[%emt 0:02:37]} Bb3 {[%emt 0:01:30]} 45. Kc5 {[%emt 0:13:33]} Be6 {[%emt 0:06:36]} 46. Bh4 {[%emt 0:00:32]} Rb2 {[%emt 0:00:21]} 47. Ra3 {[%emt 0:02:52]} Bb3 {[%emt 0:00:37]} 48. Ra1 {[%emt 0:00:02]} Rd2 {[%emt 0:01:30]} 49. Kb4 {[%emt 0:00:28]} Rd3 {[%emt 0:00:58]} 50. Rc1 {[%emt 0:00:38]} Bd1 {[%emt 0:02:31]} 51. Rc3 {[%emt 0:00:58]} Rxc3 {[%emt 0:00:34]} 52. Kxc3 {[%emt 0:00:05]} a3 {[%emt 0:00:01]} 53. Be7 {[%emt 0:02:44]} Kxg3 {[%emt 0:02:39]} 54. f5 {[%emt 0:00:19]} a2 {[%emt 0:00:21]} 55. Kb2 {[%emt 0:00:04]} Bb3 {[%emt 0:00:07]} 56. e6 {[%emt 0:00:30]} Bxe6 {[%emt 0:00:04]} 57. fxe6 {[%emt 0:00:03]} fxe6 {[%emt 0:00:03]} 58. Bd6+ {[%emt 0:00:23]} Kf3 {[%emt 0:00:13]} 59. Kxa2 {[%emt 0:00:06]} h5 {[%emt 0:00:06]} 60. Kb3 {[%emt 0:00:06]} h4 {[%emt 0:00:06]} 61. Kc3 {[%emt 0:00:54]} Ke3 {[%emt 0:00:11]} 62. Kc2 {[%emt 0:02:25]} h3 {[%emt 0:00:31]} 63. Kd1 {[%emt 0:00:12]} Kf3 {[%emt 0:00:13]} 64. Kd2 {[%emt 0:00:17]} Kg2 {[%emt 0:00:03]} 65. Ke3 {[%emt 0:00:06]} h2 {[%emt 0:00:01]} 66. Bxh2 {[%emt 0:00:07]} Kxh2 {[%emt 0:00:01]} 67. Ke4 {[%emt 0:00:08]} e5 {[%emt 0:00:02]} 68. Kxe5 1/2-1/2

[Event "CZE Extraliga 2019-20"]
[Site "Czech Republic"]
[Date "2019.11.30"]
[Round "3.2"]
[White "Hracek, Zbynek"]
[Black "Pulpan, Jakub"]
[Result "0-1"]
[WhiteElo "2572"]
[BlackElo "2421"]
[Annotator "ChessBase"]
[PlyCount "70"]
[EventDate "2019.09.15"]
[EventType "team-tourn"]
[EventCountry "CZE"]
[SourceTitle "playchess.com"]
[Source "ChessBase"]
[SourceQuality "1"]
[WhiteTeam "Pardubice"]
[BlackTeam "Praha"]
[TimeControl "40/5400+30:1800+30"]

1. d4 {[%emt 0:00:00]} Nf6 {[%emt 0:00:00]} 2. c4 {[%emt 0:00:00]} e6 {[%emt 0:00:09]} 3. Nc3 {[%emt 0:00:00]} d5 {[%emt 0:00:22]} 4. cxd5 {[%emt 0:00:10]} Nxd5 {[%emt 0:00:24]} 5. e4 {[%emt 0:00:16]} Nxc3 {[%emt 0:00:07]} 6. bxc3 {[%emt 0:00:03]} c5 {[%emt 0:00:13]} 7. Rb1 {[%emt 0:00:14]} Be7 {[%emt 0:01:00]} 8. h4 {[%emt 0:00:14]} Nc6 {[%emt 0:17:22]} 9. Nf3 {[%emt 0:01:27]} cxd4 {[%emt 0:06:01]} 10. cxd4 {[%emt 0:03:06]} Bb4+ {[%emt 0:12:07]} 11. Bd2 {[%emt 0:00:20]} Bxd2+ {[%emt 0:00:35]} 12. Qxd2 {[%emt 0:00:03]} O-O {[%emt 0:01:20]} 13. h5 {[%emt 0:13:09]} h6 {[%emt 0:01:01]} 14. Bb5 {[%emt 0:20:46]} Na5 {[%emt 0:03:15]} 15. Rh3 {[%emt 0:18:13]} Kh8 {[%emt 0:13:40]} 16. Rg3 {[%emt 0:01:05]} a6 {[%emt 0:01:41]} 17. Bd3 {[%emt 0:00:18]} Bd7 {[%emt 0:05:32]} 18. d5 {[%emt 0:14:32]} exd5 {[%emt 0:07:32]} 19. Qc3 {[%emt 0:09:33]} f6 {[%emt 0:02:18]} 20. Nh4 {[%emt 0:03:40]} Re8 {[%emt 0:05:05]} 21. Ng6+ {[%emt 0:02:18]} Kg8 {[%emt 0:01:33]} 22. Nf4 {[%emt 0:08:16]} Rc8 {[%emt 0:04:10]} 23. Qd4 {[%emt 0:00:08]} dxe4 {[%emt 0:03:00]} 24. Be2 {[%emt 0:01:03]} Bf5 {[%emt 0:03:49]} 25. Qe3 {[%emt 0:01:34]} Kh7 {[%emt 0:02:15]} 26. Rd1 {[%emt 0:00:31]} Qc7 {[%emt 0:00:53]} 27. Bg4 {[%emt 0:01:49]} Bxg4 {[%emt 0:01:33]} 28. Rxg4 {[%emt 0:00:01]} Nc4 {[%emt 0:02:01]} 29. Qd4 {[%emt 0:00:06]} f5 {[%emt 0:03:14]} 30. Rg6 {[%emt 0:00:50]} Qe5 {[%emt 0:02:14]} 31. Qxe5 {[%emt 0:01:01]} Nxe5 {[%emt 0:00:06]} 32. Rb6 {[%emt 0:00:05]} Nd3+ {[%emt 0:00:20]} 33. Nxd3 {[%emt 0:00:05]} exd3+ {[%emt 0:00:01]} 34. Kf1 {[%emt 0:01:21]} Rc2 {[%emt 0:00:18]} 35. Rxb7 {[%emt 0:00:38]} Ree2 {[%emt 0:00:13]} 0-1